000 00823nam a2200229Ia 4500
008 130821s1995 sp gr spa
020 _a8425418761
040 _aCo-BoUCM
_bspa
041 _aspa
100 1 _aWatzlawick, Paul
_d1921-2007
_978550
245 1 3 _aEl sinsentido del sentido o el sentido del sinsentido
_cPaul Watzlawick; traducción de Víctor A. Martínez de Lapera
260 _aBarcelona (España)
_bHerder
_c1995
300 _a89 páginas
650 0 4 _aConductivismo
_911547
650 0 4 _aPercepción (Psicología)
_921285
650 0 4 _aPsicología
_98001
650 0 4 _aRealidad
_923116
700 _aMartínez de Lapera, Víctor A
_eTr
_9156201
765 _aVom Unsinn des Sinns oder vomm sinn des Unsinns
942 _cLIBRO
_a9
_e1
_mW17
_2DEWEY
_h157.92
_n0
999 _c17426
_d17426